000 00332cam a22001097a 4500
008 180718b1956 xxu||||| |||| 00| 0 eng d
082 _aQ503x42 Un3r 5
100 _aBrooke, Henry
245 _aFifth interim report by the government actuay
_cby Henry Brooke
260 _aLondon
_bHer Majesty's Stationery Office
_c1956
300 _a41p.
999 _c418596
_d418596